| 000 | 00619nam a2200181 a 4500 | ||
|---|---|---|---|
| 001 | 000030443 | ||
| 005 | 20230131103017.0 | ||
| 008 | 110517s2011 dr ac r 000 0 spa d | ||
| 020 | _a9789945862829 | ||
| 040 |
_aDO-SdBNP _bspa _cBNPHU |
||
| 082 |
_axxxx _bD488j |
||
| 100 | 0 |
_a Devanand Saraswati, _cSwami Guru _d1917-1990 _933363 |
|
| 245 | 1 | 0 |
_aJunto al maestro / _cSwami Gurú Devanand, Saraswati Ji Maharaj. |
| 260 |
_aSanto Domingo : _bSociedad Internacional de Realización Divina, _c2011. |
||
| 300 |
_a343 p. : _bil., retrs. ; _c23 cm. |
||
| 590 | _aInventariado, 2018/BT | ||
| 700 | 1 |
_aJi Maharaj, Saraswati _957080 |
|
| 999 |
_c29935 _d29935 |
||